Propuesta de modelo de gestión de problemas basada en ITIL v3 para la unidad de Sistemas Tributarios (UST) de la Dirección General de Ingreso

Con este trabajo se pretende dar a conocer la importancia del uso del marco de referencia ITIL para alcanzar sus planes y objetivos estratégicos, reforzando la calidad de los servicios provistos por la Institución y satisfaciendo las necesidades y los requerimientos de los usuarios. En este sentid...

Full description

Bibliographic Details
Main Author: Rodríguez Lugo, Adolfo Antonio
Other Authors: Tutor: Pérez Arauz, Oscar
Format: Tesis Section = Libro
Language:Undetermined
Spanish
Published: Managua UNI 2017
Subjects:
LEADER 01556nam a2200265Ia 4500
008 240830s9999 xx 000 0 und d
040 |a BIBLIOTECA-RUSB/ M.Mon 303.4833 R696 
041 |a spa 
082 |a M.Mon 303.4833 R696 
100 1 |a Rodríguez Lugo, Adolfo Antonio 
245 1 0 |a Propuesta de modelo de gestión de problemas basada en ITIL v3 para la unidad de Sistemas Tributarios (UST) de la Dirección General de Ingreso 
260 |a Managua  |b UNI  |c 2017 
300 |a 75 p. :il. 
500 |a Contiene: anexos. 
502 |a Tesis (Máster en Informática Empresarial) - UNI, 2017. 
520 3 |a Con este trabajo se pretende dar a conocer la importancia del uso del marco de referencia ITIL para alcanzar sus planes y objetivos estratégicos, reforzando la calidad de los servicios provistos por la Institución y satisfaciendo las necesidades y los requerimientos de los usuarios. En este sentido se ha propuesto el desarrollo de un modelo de Gestión de problemas basado en ITIL con el que se garantizaría que la disponibilidad y la calidad de los servicios se incrementen mediante la gestión efectiva del ciclo de vida de los problemas. Esta propuesta está enfocada específicamente para la Unidad de Sistemas Tributarios. 
650 7 |a TECNOLOGIA DE LA INFORMACION 
650 7 |b  SISTEMAS TRIBUTARIOS-NICARAGIA 
650 7 |c  ADMINISTRACION TRIBUTARIA 
650 7 |d  DESARROLLO DE SOFTWARE 
650 7 |e  SISTEMAS COMPUTARIZADOS 
700 1 |a Tutor:  |b Pérez Arauz, Oscar 
942 |c BK  |2 ddc 
991 |a TESIS 
999 |c 19234